| 000 | 00449nam a22001697a 4500 | ||
|---|---|---|---|
| 999 |
_c17877 _d17877 |
||
| 003 | OSt | ||
| 005 | 20210907112429.0 | ||
| 008 | 160701b xxu||||| |||| 00| 0 eng d | ||
| 040 |
_aMMU _beng _cMMU _dMMU |
||
| 050 | _aQA76.76 .O63S73457 2007 | ||
| 100 | _aStanek William R. | ||
| 245 |
_aWindows vista / _cWilliam R.Stanek. |
||
| 260 |
_aCanada: _bFenn and company, _c2007. |
||
| 300 | _axxi, 547 p. : | ||
| 650 | _awindows | ||
| 942 |
_2lcc _cLOAN LOAN |
||